Statsminister siden 1918 med billeder - Statistics

General Stats
  • This quiz has been taken 5 times
  • The average score is 10 of 29
Answer Stats
Picture Hint Answer % Correct
2011 - 2015 Helle Thorning-Schmidt
100%
2015 - 2019 Lars Løkke Rasmussen
100%
2009 - 2011 Lars Løkke Rasmussen
100%
2019 - Mette Frederiksen
100%
2001 - 2009 Anders Fogh Rasmussen
80%
1975 - 1982 Anker Jørgensen
80%
1972 - 1973 Anker Jørgensen
80%
1993 - 2001 Poul Nyrup Rasmussen
80%
1971 - 1972 Jens Otto Krag
60%
1962 - 1968 Jens Otto Krag
60%
1982 - 1993 Poul Schlüter
60%
1929 - 1942 Thorvald Stauning
60%
1924 - 1926 Thorvald Stauning
60%
1973 - 1975 Poul Hartling
20%
1918 - 1920 Carl Theodor Zahle
0%
1950 - 1953 Erik Eriksen
0%
1942 - 1943 Erik Scavenius
0%
1955 - 1960 Hans Christian Hansen
0%
1953 - 1955 Hans Hedtoft
0%
1947 - 1950 Hans Hedtoft
0%
1968 - 1971 Hilmar Baunsgaard
0%
1945 - 1947 Knud Kristensen
0%
1920 - 1920 Michael Pedersen Friis
0%
1920 - 1924 Niels Neergaard
0%
1920 - 1920 Otto Liebe
0%
1926 - 1929 Thomas Madsen-Mygdal
0%
1960 - 1962 Viggo Kampmann
0%
1945 - 1945 Vilhelm Buhl
0%
1942 - 1942 Vilhelm Buhl
0%
No matching quizzes found
Score Distribution
Percent of People with Each Score
Percentile by Number Answered
Your Score History
You have not taken this quiz